Central Library OPAC University of Rajshahi

কৌটিলীয়ম্ অর্থশাস্ত্রম্ / (Record no. 60207)

MARC details
000 -LEADER
fixed length control field 00978nam a2200229 a 4500
001 - CONTROL NUMBER
control field 60207
003 - CONTROL NUMBER IDENTIFIER
rucl marc code BD-RjUL
005 - DATE AND TIME OF LATEST TRANSACTION
control field 20211209080820.0
008 - FIXED-LENGTH DATA ELEMENTS--GENERAL INFORMATION
fixed length control field 161229s1997 ii ||||| |||| 00| 0 ben d
020 ## - INTERNATIONAL STANDARD BOOK NUMBER
Terms of availability : Tk. 175.00
035 ## - SYSTEM CONTROL NUMBER
System control number (BD-RjUL)60331
040 ## - CATALOGING SOURCE
Original cataloging agency BD-RjUL
Language of cataloging eng
Transcribing agency BD-RjUL
041 ## - LANGUAGE CODE
Language code of text/sound track or separate title eng
082 ## - DEWEY DECIMAL CLASSIFICATION NUMBER
Edition number 23
Classification number 330.9
Author mark and year KOW 1997
100 ## - MAIN ENTRY--PERSONAL NAME
Personal name কৌটিল্য
9 (RLIN) 175732
245 ## - TITLE STATEMENT
Title কৌটিলীয়ম্ অর্থশাস্ত্রম্ /
Statement of responsibility, etc. কৌটিল্য ; সম্পাদনা ও বঙ্গানুবাদ : মানবেন্দু বন্দ্যোপাধ্যায়
300 ## - PHYSICAL DESCRIPTION
Pagination [১৮], ৬৪ পৃ. ;
Size ২৩ সেমি.
650 ## - SUBJECT ADDED ENTRY--TOPICAL TERM
Topical term or geographic name as entry element অর্থনীতি
General subdivision ইতিহাস
9 (RLIN) 179245
Topical term or geographic name as entry element Economic
General subdivision History
9 (RLIN) 179246
700 ## - ADDED ENTRY--PERSONAL NAME
Personal name বন্দ্যোপাধ্যায়, মানবেন্দু, সম্পাদক ও অনুবাদক
942 ## - ADDED ENTRY ELEMENTS (KOHA)
Source of classification or shelving scheme Dewey Decimal Classification
Koha item type Books
Holdings
Lost status Source of classification or shelving scheme Damaged status Not for loan Collection code Permanent Location Current Location Shelving location Date acquired Source of acquisition Cost, normal purchase price Total Checkouts Full call number Date last seen Copy number Koha item type
  Dewey Decimal Classification   Not For Loan Non-fiction Central Library, University of Rajshahi Central Library, University of Rajshahi Reading Room 16/04/2008 Shafiqur Rahman 175.00   B 330.9 KOW 1997 29/12/2016 C-1 Books